| 000 | 00866nam a2200229 a 4500 | ||
|---|---|---|---|
| 001 | 000017944 | ||
| 005 | 20200929165305.0 | ||
| 008 | 100407s1998 dr ac 000 0cspa d | ||
| 040 |
_aDO-SdBNP _bspa _cBNPHU |
||
| 082 |
_a929.2 _bV182t |
||
| 100 | 1 |
_aVallejo Lora, Aida Margarita _938911 |
|
| 245 | 1 | 0 |
_aTroncos y ramas : _bgenealogía familia Vallejo y de algunos parientes / _cAida Margarita Vallejo Lora, Berty Josefina Álvarez Vallejo. |
| 260 |
_aSanto Domingo : _b[s.n.], _c1998. |
||
| 300 |
_a238 p. ; _c21 cm. |
||
| 504 | _aIncluye bibliografía y notas al pie de las páginas. | ||
| 590 | _aInventariado, 2020/YL | ||
| 600 | 1 | 4 |
_aVALLEJO (FAMILIA) _xGENEALOGÍA _938912 |
| 651 | 4 |
_aRepública Dominicana _xGenealogía _92157 |
|
| 650 | 4 |
_aParentesco _92156 |
|
| 700 | 1 |
_aÁlvarez Vallejo, Berty Josefina _938913 |
|
| 910 | _aValidado. Control de calidad EMS | ||
| 999 |
_c17468 _d17468 |
||